LIBRARY & INFORMATION CENTRE, KCAET, TAVANUR

ONLINE PUBLIC ACCESS CATALOGUE (OPAC)

Words and their ways in English speech / (Record no. 5686)

MARC details
000 -LEADER
fixed length control field 00525cam a2200193ua 4500
041 ## - LANGUAGE CODE
Language code of text/sound track or separate title eng
082 ## - DEWEY DECIMAL CLASSIFICATION NUMBER
Classification number 428.1
Item number GRE/WO
100 ## - MAIN ENTRY--AUTHOR NAME
Personal name Greenough, James Bradstreet .
245 ## - TITLE STATEMENT
Title Words and their ways in English speech /
250 ## - EDITION STATEMENT
Edition statement 1 /
260 ## - PUBLICATION, DISTRIBUTION, ETC. (IMPRINT)
Place of publication New York :
Name of publisher McMillan Publishing Co ,
Year of publication 1961.
300 ## - PHYSICAL DESCRIPTION
Number of Pages 431 ; .
700 1# - ADDED ENTRY--PERSONAL NAME
Personal name Kittredge, George Lyman .
942 ## - ADDED ENTRY ELEMENTS (KOHA)
Koha item type Books
Holdings
Withdrawn status Lost status Damaged status Home library Current library Date acquired Full call number Accession Number Koha item type
      KAUAET KAUAET 07/04/2012 428.1 11824 Books
free website counter